000 00623 a2200193 4500
001 066621
003 OSt
005 20211004153850.0
008
082 _a515.8
_bR11P
100 1 _aRadulescu, Teodora-Liliana T.
245 1 _aProblems in real analysis
_cby Teodora-Liliana T. Radulescu, Vicentiu D. Radulescu and Titu Andreescu
260 _aNew York
_bSpringer
_c2009
300 _a452p.
690 _aMathematical analysis; Mathematics; Global analysis (Mathematics); Differential equations
700 _aRadulescu, Vicentiu D.
700 _aAndreescu, Titu
942 _2ddc
_cBK
999 _c660
_d660